000 00210nam a22000857a 4500
008 170620b xxu||||| |||| 00| 0 eng d
100 _93533
_aKaur.A
245 _aArt of Letter Writing
260 _aNew Delhi
_bR.C
_c2012
999 _c6917
_d6917